00162 a2200073 450000100060000010000180000624500370002426000270006138306 aBlank Warren aThe 9 natural laws of leadership aNew YorkbAmaconc1995